000 00880pam a2200301 a 4500
999 _c6265
_d6265
001 6265
003 BD-JhCC
005 20180125190038.0
008 920207s1992 nyu b 000 0 eng
020 _a0304323772
035 _a(BD-JhCC)6265
040 _aDLC
_cDLC
_dDLC
_dBD-JhCC
041 _aeng
050 0 0 _aBP190.5.N38
_bI85 1992
082 0 0 _a297/.1978362
_220
_bISL 1992
245 0 0 _aIslam and ecology /
_cedited by Fazlun M. Khalid with Joanne O'Brien.
260 _aNew York, NY :
_bCassell,
_c1992.
300 _axi, 111 p. ;
_c24 cm.
440 0 _aWorld religions and ecology
504 _aIncludes bibliographical references.
650 0 _aHuman ecology
_xReligious aspects
_xIslam.
650 0 _aIslamic literature.
650 0 _aIslam
_zEcology
700 1 _aKhalid, Fazlun M.
700 1 _aO'Brien, Joanne,
_d1959-
942 _2ddc
_cBK